Convención de las Naciones Unidas sobre el Derecho del Mar
Sparad:
| Institutionell upphovsman: | |
|---|---|
| Materialtyp: | Okänd |
| Publicerad: |
[Nueva York] :
|
| Ämnen: | |
| Taggar: |
Lägg till en tagg
Inga taggar, Lägg till första taggen!
|
MARC
| LEADER | 00000 a2200000 04500 | ||
|---|---|---|---|
| 001 | 14165 | ||
| 003 | |||
| 008 | 991231s d | ||
| 040 | |||
| 090 | |a 021002 | ||
| 110 | |a Naciones Unidas | ||
| 245 | |a Convención de las Naciones Unidas sobre el Derecho del Mar | ||
| 260 | |a [Nueva York] : | ||
| 650 | |a DERECHO DEL MAR | ||
| 999 | |c 13122 |d 13122 | ||
